| 000 | 00696cab a2200229 4500 | ||
|---|---|---|---|
| 001 | WB2931-62 | ||
| 008 | 090401t1993 xxu||||| |||| 00| 0 eng d | ||
| 035 | _a(Sirsi) u5964 | ||
| 041 | _aeng | ||
| 100 | _aLamden, B. | ||
| 245 | _aPartnership or limited liability company | ||
| 260 | _c1993 | ||
| 350 | _a0 | ||
| 490 |
_aCSW - The Property Week _v44(9) 26 August 1993, 54(1) |
||
| 520 | _aEvaluates the pros and cons of incorporation and questions whether the client actually cares. | ||
| 650 | _aINCORPORATION | ||
| 650 | _aLIMITED LIABILITY COMPANIES | ||
| 650 | _aPARTNERSHIP | ||
| 690 | _aMANAGEMENT-BUSINESS MANAGEMENT-PROFESSIONAL PRACTICE | ||
| 942 | _n0 | ||
| 948 | _c04/03/1997 | ||
| 999 |
_c3572 _d3572 |
||